Bienvenue au Catalogue en Ligne des Bibliothèques de l'Universite du Burundi

Facteurs favorisant la rechute de la malnutrition aigüe chez les enfants de 6-59 mois (Record no. 53714)

000 -GUIDE
Champ de contrôle de longueur fixe 01035nam a22002297a 4500
003 - IDENTITÉ DU NUMÉRO DE CONTRÔLE
Champ de contrôle BI-BuBU
008 - ÉLÉMENTS DE LONGUEUR FIXE - RENSEIGNEMENTS GÉNÉRAUX
Champ de contrôle de longueur fixe 260407b2025 bd fr|||| 000 0 fre d
037 ## - SOURCE D'ACQUISITION
Source d'acquisition et du numéro d'inventaire Don de l'auteur
039 ## - NIVEAU DE CONTRÔLE BIBLIOGRAPHIQUE ET HISTORIQUE D'ENCODAGE [OBSOLETE]
Date creation 20260407154636.0
Nom catalographe Thacien Mutabazi
040 ## - SOURCE DU CATALOGAGE
Organisme qui a effectué le catalogage original BI-BuBU
Code de la langue utilisée dans le catalogage fre
Organisme qui a effectué la transcription BI-BuBU
Organisme qui a effectué la modification BI-BuBU
041 0# - CODE DE LANGUE
Code de langue du texte/de la piste sonore ou du titre distinct fre
080 ## - INDICE DE LA CLASSIFICATION DÉCIMALE UNIVERSELLE (CDU)
Indice de la Classification décimale universelle 616.056. 05
100 1# - VEDETTE PRINCIPALE - NOM DE PERSONNE
Code de relation aut.
Nom de personne Manirakiza, Elvis
245 10 - MENTION DU TITRE
Titre Facteurs favorisant la rechute de la malnutrition aigüe chez les enfants de 6-59 mois
Reste du titre cas du district sanitaire de Bubanza au Burundi
Mention de responsabilité, etc. Elvis Manirakiza ; Emmanuel Banzubaze, directeur
260 ## - PUBLICATION, DIFFUSION, ETC. (ADRESSE BIBLIOGRAPHIQUE)
Lieu de publication, diffusion, etc. Bujumbura
Nom de l'éditeur, diffuseur, etc. Université du Burundi, East African Nutritional Sciences Institute
Date of publication, distribution, etc 2025
300 ## - DESCRIPTION MATÉRIELLE
Collation XII-57 f.
Dimensions 30 cm.
502 ## - NOTE DE THÈSE OU MÉMOIRE
Note de thèse Mémoire présenté et défendu publiquement en vue de l'obtention du diplôme de master en sciences des aliments et nutrition.
650 #7 - VEDETTE-MATIÈRE - NOM COMMUN
Source du terme BI-BuBU
Vedette de sujet ou vedette comportant un nom géographique Malnutrition aigüe
Subdivision générale Enfant de 6-59 mois
-- Rechute
Subdivision géographique District sanitaire de Bubanza
655 #7 - TERME D'INDEXATION - GENRE OU FORME
Source du terme BI-BuBU
Données ou terme dominant sur le genre ou la forme Mémoire
700 1# - VEDETTE SECONDAIRE - NOM DE PERSONNE
Code de relation dir.
Nom d'auteur Banzubaze, Emmanuel
942 ## - ÉLÉMENTS D'ENTRÉE ADDITIONNELLE (KOHA)
Source de la classification ou du système de rangement
Type d item koha Memoire
Holdings
Statut de retrait Statut de perte Source de la classification ou du système de rangement Statut de déterioration Exclu du prêt Numéro d item Koha Localisation permanente Localisation actuelle Date d'acquisition Source d'acquisition Nombre de prêts Cote Code-barres Date last seen Numéro d'exemplaire Prix en vigueur à partir du Type d item koha Numero d'inventaire
        Not For Loan 85551 Bibliothèque Centrale Bibliothèque Centrale 07/04/2026 Don de l'auteur   R.616.056. 05 MAN. 5010000483548 07/04/2026 1 07/04/2026 Memoire 242146
© 2019-2026 - Bibliothèques de l'Université du Burundi |Tous droits réservés
home | Pour toute information urgente Contactez nous | tel whatsupp: +25779204313